| 000 | 01034nam a2200301 a 4500 | ||
|---|---|---|---|
| 001 | 62284 | ||
| 003 | BD-RjUL | ||
| 005 | 20211209081050.0 | ||
| 008 | 170123s1974 ja b 001 0 eng d | ||
| 020 | _a0860084442 | ||
| 020 | _a4130270230 | ||
| 020 | _a0691075662 | ||
| 035 | _a(BD-RjUL)62410 | ||
| 040 |
_aBD-RjUL _beng _cBD-RjUL |
||
| 041 | _aeng | ||
| 082 |
_223 _a320.0952 _bMAS 1974 |
||
| 100 | 1 |
_aMaruyama, Masao, _d1914-1996 . _9185252 |
|
| 245 | 1 | 0 |
_aStudies in the intellectual history of Tokugawa Japan / _cMasao Maruyama ; translated by Mikiso Hane. |
| 260 |
_aTokyo : _bUniversity of Tokyo Press , _c1974. |
||
| 300 |
_axxxvii, 383 p. ; _c22 cm. |
||
| 504 | _aIncludes bibliographical references and index. | ||
| 650 | 0 |
_aPolitical science _zJapan _9185253 _vHistory |
|
| 651 | 0 |
_aJapan _xHistory _yTokugawa period, 1600-1868. _9185254 |
|
| 651 | 0 |
_aJapan _xIntellectual life _y1600-1868. _9185255 |
|
| 700 | 1 |
_aHane, Mikiso, _d1922- . _9185256 |
|
| 700 | 1 |
_aRogers D. Spotswood Collection. _9188287 |
|
| 942 |
_2ddc _cBK |
||
| 999 |
_c62284 _d62284 |
||